书目信息 |
| 题名: |
毛泽东文艺思想学习参考文件
|
|
| 作者: | 河北大学中文系文艺理论教研室 编 | |
| 分册: | 下 | |
| 出版信息: | 河北 河北大学中文系文艺理论教研室 1979 |
|
| 页数: | 345页 | |
| 开本: | 20cm | |
| 丛书名: | ||
| 单 册: | ||
| 中图分类: | A841.691 | |
| 科图分类: | ||
| 主题词: | 毛泽东文艺思想--文件 , 毛泽东文艺思想 | |
| 电子资源: | ||
| ISBN: | ||
| 000 | 00766nam0 2200205 45 | |
| 001 | 0120066003257 | |
| 005 | 20070730162521.25 | |
| 092 | @aCN@b491486 | |
| 100 | @a20060417e1979 em y0chiy0120 ea | |
| 101 | 0 | @achi |
| 105 | @ay z 000yy | |
| 200 | 1 | @a毛泽东文艺思想学习参考文件@Amao ze dong wen yi si xiang xue xi can kao wen jian@h下@f河北大学中文系文艺理论教研室编@Fhe bei da xue zhong wen xi wen yi li lun jiao yan shi bian |
| 210 | @a河北@c河北大学中文系文艺理论教研室@d1979 | |
| 215 | @a345页@d20cm | |
| 606 | 0 | @a毛泽东文艺思想@x文件 |
| 606 | 0 | @a毛泽东文艺思想 |
| 690 | @aA841.691@v4 | |
| 701 | 0 | @a河北大学中文系文艺理论教研室@Ahe bei da xue zhong wen xi wen yi li lun jiao yan shi@4编 |
| 801 | 0 | @aCN@bLZJBOOK@c20070730 |
| 905 | @a10447@dA841.691@e128:2 | |
| 毛泽东文艺思想学习参考文件.下/河北大学中文系文艺理论教研室编.-河北:河北大学中文系文艺理论教研室,1979 |
| 345页;20cm |
| ISBN : |
| ● |
| 相关链接 |
|
|
|
|
正题名:毛泽东文艺思想学习参考文件
索取号:A841.691/128:2
 
预约/预借
| 序号 | 登录号 | 条形码 | 馆藏地/架位号 | 状态 | 备注 |
| 1 | 0786987 | 207869877 | 第一样本阅览室/ [索取号:A841.691/128:2] | 在馆 |